| 000 | 00967nas a2200289 4500 | ||
|---|---|---|---|
| 001 | BR8300349 | ||
| 003 | BR-BrBNA | ||
| 005 | 20231205085410.0 | ||
| 007 | ta | ||
| 008 | 230509b bl.|||p| |||| 00| 00por d | ||
| 040 |
_aBR-BrBNA _bpor _cBiblioteca Nacional de Agricultura |
||
| 041 | _a(Pt) | ||
| 072 | _aL36 | ||
| 100 | 1 | _aPortela, F. | |
| 245 | 1 | _aDeterminacao dos niveis de inibidores proteoliticos usando caseina como substrato [truta, tilapia, composicao de alimento] | |
| 246 | 1 | _aDetermination of proteolytic inhibitors levels using casein as substrates [trout, tilapia, food composition] | |
| 650 | _aTRUTA | ||
| 650 | _aTILAPIA | ||
| 650 | _aCOMPOSICAO DE ALIMENTO | ||
| 650 | _aINIBIDOR DE PROTEINA | ||
| 650 | _aCASEINA | ||
| 650 | _aSUBSTRATO | ||
| 650 | _aANALISE QUIMICA | ||
| 773 | 0 |
_tZootecnia (Brazil) _xISSN 0044-5320 _g(Apr 1982), v. 20(2) p. 99-120 _wBR8300349 |
|
| 909 |
_a202311 _bLúcia _c55 _dLúcia Elande |
||
| 942 |
_2AGRIS _n0 _cANA |
||
| 999 |
_c111207 _d111207 |
||